=LDR 00000nam 2200000 4500 =001 INLIS000000000021661 =005 20130612120511 =008 ***********************************Ind** =035 ##$$0010-061300000021661 =041 ##$$a Ind =082 ##$$a 371.32 =090 ##$$a 371.32, Dan m =100 ##$$a Danim, Sudarwan =245 ##$$a Media komunikasi pendidikan, pelayanan profesional pembelajaran dan mutu hasil belajar (Proses belajar mengajar di Perguruan Tinggi), Sudarwan Danim =260 ##$$a 1995 $b Jakarta =300 ##$$a x, 150 hlm, ilus, 21 cm =650 ##$$a Komunikasi dalam pendidikan =850 ##$$a NBPNMAT